Productivity in the age of competitiveness : (Record no. 219606)
[ view plain ]
| 000 -LEADER | |
|---|---|
| fixed length control field | 01226nam a22003017a 4500 |
| 001 - CONTROL NUMBER | |
| control field | 1170497 |
| 003 - CONTROL NUMBER IDENTIFIER | |
| control field | Nust |
| 005 - DATE AND TIME OF LATEST TRANSACTION | |
| control field | 20180117090022.0 |
| 008 - FIXED-LENGTH DATA ELEMENTS--GENERAL INFORMATION | |
| fixed length control field | 960523s1995 ja b 000 0 eng |
| 010 ## - LIBRARY OF CONGRESS CONTROL NUMBER | |
| LC control number | 96152535 |
| 020 ## - INTERNATIONAL STANDARD BOOK NUMBER | |
| International Standard Book Number | 9283318161 |
| 040 ## - CATALOGING SOURCE | |
| Original cataloging agency | DLC |
| Transcribing agency | DLC |
| 043 ## - GEOGRAPHIC AREA CODE | |
| Geographic area code | a------ |
| 050 00 - LIBRARY OF CONGRESS CALL NUMBER | |
| Classification number | HC415.I52 |
| Item number | A656 no. 16 |
| 082 ## - DEWEY DECIMAL CLASSIFICATION NUMBER | |
| Classification number | 338.6048 |
| 100 ## - MAIN ENTRY--PERSONAL NAME | |
| Relator code | Asian Productivity Organization |
| 245 00 - TITLE STATEMENT | |
| Title | Productivity in the age of competitiveness : |
| Remainder of title | four-prize winning essays under the APO essay contest, 1993. |
| 260 ## - PUBLICATION, DISTRIBUTION, ETC. | |
| Place of publication, distribution, etc. | Tokyo : |
| Name of publisher, distributor, etc. | Asian Productivity Organization, |
| Date of publication, distribution, etc. | 1995. |
| 300 ## - PHYSICAL DESCRIPTION | |
| Extent | 130 p. ; |
| Dimensions | 22 cm. |
| 440 #0 - SERIES STATEMENT/ADDED ENTRY--TITLE | |
| Title | APO monograph series ; |
| Volume/sequential designation | 16 |
| 504 ## - BIBLIOGRAPHY, ETC. NOTE | |
| Bibliography, etc. note | Includes bibliographical references. |
| 650 #0 - SUBJECT ADDED ENTRY--TOPICAL TERM | |
| Topical term or geographic name entry element | Industrial productivity |
| Geographic subdivision | Asia. |
| 650 #0 - SUBJECT ADDED ENTRY--TOPICAL TERM | |
| Topical term or geographic name entry element | Industrial productivity. |
| 906 ## - LOCAL DATA ELEMENT F, LDF (RLIN) | |
| a | 7 |
| b | cbc |
| c | orignew |
| d | 2 |
| e | ncip |
| f | 19 |
| g | y-gencatlg |
| 942 ## - ADDED ENTRY ELEMENTS (KOHA) | |
| Source of classification or shelving scheme | |
| Koha item type | Book |
| Withdrawn status | Lost status | Source of classification or shelving scheme | Damaged status | Not for loan | Collection code | Permanent Location | Current Location | Shelving location | Date acquired | Total Checkouts | Full call number | Barcode | Date last seen | Price effective from | Koha item type |
|---|---|---|---|---|---|---|---|---|---|---|---|---|---|---|---|
| Central Library (CL) | Central Library (CL) | General Stacks | 02/15/2017 | 338.6048 APO | S3H-D-208 | 02/15/2017 | 02/15/2017 | Book |
